000 00590nam a2200241Ia 4500
003 OSt
005 20221005050208.0
006 a|||||r|||| 00| 0
007 ta
008 221004b |||||||| |||| 00| 0 eng d
024 _a64185
037 _cTextual
040 _aCRL
_cCRL
_beng
041 _2eng
_aeng
082 _aX.495.N7, L3-;1
110 _aKorea.
245 0 _aEconomy
260 _aKorea
_bKorean Oversears Information Service
_c1973
650 _aECONOMICS
700 _aKorea.
942 _hX.495.N7, L3-;1
_cTEXL
_2cc
999 _c956467
_d956467